Statistiques concernant Les films de Wes Anderson

Cliquez ici pour prendre le quiz!

Statistiques générales

  • Ce quiz a été pris 129 fois
    (90 depuis la dernière actualisation)
  • Le résultat moyen est 7 sur 10

Statistiques - réponses

Année de sortiefilm% Correct
2014The Grand Budapest Hotel
99%
2018L'Île aux chiens
88%
2021The French Dispatch
86%
2010Fantastic Mr. Fox
83%
2012Moonrise Kingdom
83%
2007À bord du Darjeeling Limited
72%
2001La Famille Tenenbaum
71%
2004La Vie aquatique
70%
1998Rushmore
46%
1996Bottle Rocket
39%

Distribution des résultats

Percentile par nombre de réponses

% des personnes avec chaque résultat

Votre développement - résultats

Vous n’avez pas pris ce quiz depuis la dernière actualisation